Szczegóły MARC21

W głębiny : ewolucyjna podróż morskich gadów i ssaków /

003 -Nazwa inst., której nr kontr. jest w polu 001 [,]
    • @
    • Nazwa instytucji, której n kontrolny jest w polu 001
    • NUKAT
005 -DATA I CZAS OSTATNIEJ MODYFIKACJI [,]
    • @
    • pole kontrolne
    • 20251209092647.0
020 -Międzynarod. znormalizowany nr książki - ISBN [ , ]
    • a
    • Numer ISBN
    • 9788397761605 Find
    • q
    • Dopowiedzenie
    • (oprawa twarda)
040 -Instytucja sporządzająca opis [ , ]
    • a
    • Instytucja, która sporządziła opis (NP)
    • SZCZ U/AB
    • b
    • Język katalogowania
    • pol
    • e
    • Zasady katalogowania
    • rda
    • c
    • Instytucja, która sporządziła rekord (NP)
    • SZCZ U/ABs
942 -Rodzaj dokumentu [ , ]
    • c
    • Rodzaj dokumentu
    • Książka
100 -Hasło główne - nazwa osobowa [1, ]
    • a
    • Nazwa osobowa (NP)
    • Tyborowski, Daniel.
    • e
    • Rodzaj współpracy
    • Autor
    • 9
    • KHW
    • 735978
245 -Strefa tytułu i oznaczenia odpowiedzialności [1,0]
    • a
    • Tytuł
    • W głębiny : Find
    • b
    • Ciąg dalszy tytułu (NP)
    • ewolucyjna podróż morskich gadów i ssaków / Find
    • c
    • Pozostałe elementy strefy tytułu i oznaczenia odpowiedzialności (NP)
    • Daniel Tyborowski ; rysunki zwierząt: Bogusław Waksmundzki.
246 -Wariant tytułu [3,0]
    • a
    • Tytuł (NP)
    • Ewolucyjna podróż morskich gadów i ssaków
250 -Strefa wydania [ , ]
    • a
    • Oznaczenie wydania (NP)
    • Wydanie I.
260 -Strefa adresu wydawniczego [ , ]
    • a
    • Miejsce wydania (P)
    • Warszawa :
    • b
    • Nazwa wydawcy (P)
    • Wydawnictwo RN,
    • c
    • Data wydania (P)
    • 2025.
300 -Strefa opisu fizycznego [ , ]
    • a
    • Określenie formy książki i/lub objętość (NP)
    • 294, [2] strony :
    • b
    • Oznaczenie ilustracji (NP)
    • ilustracje ;
    • c
    • Format (NP)
    • 23 cm.
336 -Typ zawartości [ , ]
    • a
    • Termin opisujący typ zawartości
    • Tekst
    • b
    • Kod określający zawartość
    • txt
    • 2
    • Źródło (terminu i kodu)
    • rdacontent
336 -Typ zawartości [ , ]
    • a
    • Termin opisujący typ zawartości
    • Obraz
    • b
    • Kod określający zawartość
    • sti
    • 2
    • Źródło (terminu i kodu)
    • rdacontent
337 -Typ mediów [ , ]
    • a
    • Tryb odtwarzania
    • Bez urządzenia pośredniczącego
    • b
    • Kod typu mediów
    • n
    • 2
    • Źródło (terminu i kodu)
    • rdamedia
338 -Typ/rodzaj nośnika [ , ]
    • a
    • Hasło opisujące typ nośnika
    • Wolumin
    • b
    • Kod typu nośnika
    • nc
    • 2
    • Źródło (terminu i kodu)
    • rdacarrier
504 -Uwaga dot. bibliogr. załącznikowej [ , ]
    • a
    • Uwaga dot. bibliografii załącznikowej
    • Bibliografia na stronach 275-282. Indeks.
650 -Hasło przedmiotowe [ ,7]
    • a
    • Hasło przedmiotowe
    • Paleobiologia.
    • 2
    • Źródło terminu
    • kaba
    • 9
    • KHW
    • 122973
650 -Hasło przedmiotowe [ ,7]
    • a
    • Hasło przedmiotowe
    • Paleozoologia.
    • 2
    • Źródło terminu
    • kaba
    • 9
    • KHW
    • 123008
650 -Hasło przedmiotowe [ ,7]
    • a
    • Hasło przedmiotowe
    • Ewolucja (biologia).
    • 2
    • Źródło terminu
    • kaba
    • 9
    • KHW
    • 108357
650 -Hasło przedmiotowe [ ,7]
    • a
    • Hasło przedmiotowe
    • Zwierzęta morskie
    • x
    • Określnik rzeczowy
    • ewolucja.
    • 2
    • Źródło terminu
    • kaba
    • 9
    • KHW
    • 736024
650 -Hasło przedmiotowe [ ,7]
    • a
    • Hasło przedmiotowe
    • Gady morskie
    • x
    • Określnik rzeczowy
    • ewolucja.
    • 2
    • Źródło terminu
    • kaba
    • 9
    • KHW
    • 736025
650 -Hasło przedmiotowe [ ,7]
    • a
    • Hasło przedmiotowe
    • Ssaki morskie
    • x
    • Określnik rzeczowy
    • ewolucja.
    • 2
    • Źródło terminu
    • kaba
    • 9
    • KHW
    • 736010
700 -Hasło dodatkowe - nazwa osobowa [1, ]
    • a
    • Nazwa osobowa (NP)
    • Waksmundzki, Bogusław. Find
    • e
    • Określenie rodzaju współpracy
    • Ilustracje
    • 9
    • KHW
    • 652421
710 -Hasło dodatkowe - nazwa ciała zbiorowego [2, ]
    • a
    • Nazwa ciała zbiorowego lub nazwa geograficzna jako pierwszy element (NP)
    • Wydawnictwo RN.
    • e
    • Rodzaj współpracy
    • Wydawca
    • 4
    • Kod relacji
    • pbl
    • 9
    • KHW
    • 735983
920 -ISBN [ , ]
    • a
    • ISBN
    • 978-83-977616-0-5 (oprawa twarda) Find
Numer inwentarzowy Status udost. Data inwentaryzacji Lokalizacja
WM.29559-32025-12-15BG